000 02327cam a22005894i 4500
003 PE-LiUPU
005 20250731170437.0
008 150625s2001 sp rb 000 0 spa d
020 _a8482672304
020 _a9788482672304
035 _a(Sirsi) i9788482672304
040 _aPE-LiUPU
_bspa
_cPE-LiUPU
_dPE-LiUPU
_erda
049 _aPRUA
082 0 4 _a155.904 2
_bD73
_221
100 1 _aDiestre, Antolín,
_eautor.
245 1 3 _aEl estrés :
_bsu diagnóstico, causas y tratamiento /
_cAntolín Diestre.
264 1 _aBarcelona, España :
_bEditorial Clie,
_c2001.
300 _a703 páginas ;
_c24 centímetros
336 _atext
_2rdacontent
337 _aunmediated
_2rdamedia
338 _avolume
_2rdacarrier
504 _aIncluye bibliografía.
505 0 _aEntender el estrés y controlarlo: Identificación del estrés y el destres: Señales, síntomas y causas de verse afectado por el estrés negativo -- Definición, Naturaleza y química del estrés -- El cuerpo del estrés o el síndrome general de adaptación.-Tratamiento estrategias y estilo de vida para controlar el estrés y eliminar síntomas y causas.-Proyección de una autoestima sanadora.-Justificación exegética de las claves espirituales a fin de prevenir o ayudar a superar cualquier situación provocada por el estrés.
526 _aSEG68
526 _aSEG70
526 _aSEG69
526 _aSEG67
526 _aSEG43
526 _aP144
526 _aP143
526 _aP131
526 _aP122
526 _aP120
526 _aP117
526 _aP112
526 _aP110
526 _aP106
526 _aP101
526 _aP80
526 _aP59
526 _aP54
526 _aP35
526 _aP33
526 _aP30
541 _g0001403;
650 0 4 _aEstrés.
942 _2ddc
_cBOOK
949 _a155.904 2 D73
_wDEWEY
_c1
_i55089
_d2016-4-7
_e2016-4-7
_lCCODEBUL1
_mBUL
_n2
_p21.00
_r0
_sY
_tBOOK
_u2015-6-25
_xTEOLOGIA
_zUNKNOWN
_0COMPRA
_o.STAFF. Colección Ciencias de la Salud
994 _aC0
_bPEPRU
596 _a1
999 _a155.904 2 D73
_wDEWEY
_c43706
_i55089
_d43706
_e2019-5-14
_f2021-11-3
_g5
_lCCODEBUL1
_mBUL
_n15
_p21.00
_q4
_r0
_sY
_tBOOK
_u2015-6-25
_xSALUD
_zP35
_0COMPRA
_o.STAFF. Colección Ciencias de la Salud
980 _81
_gALBERTO SANCHEZ Responsable de Automatización